Nihon Kyōsantō tōsō shōshi /

Saved in:
Bibliographic Details
Main Author: Ichikawa, Shōichi, 1892-1945.
Format: Book
Language:Japanese
Published: Kiryū-shi : Akatsuki Shobō, Shōwa 21 [1946].
Subjects:
Tags: Add Tag
No Tags, Be the first to tag this record!
LEADER 01174nam a2200265 a 4500
001 007748405-3
005 20024617120653.0
008 930805s1946 ja 000 0 jpn d
035 0 |a ocm29339819 
035 0 |a ocm29339819  |z ocm19570600  |z ocm26843525  |z ocm33644210 
040 |a CLSU  |c CLSU  |d *YNH*  |d CStRLIN 
100 1 |6 880-01  |a Ichikawa, Shōichi,  |d 1892-1945. 
245 1 0 |6 880-02  |a Nihon Kyōsantō tōsō shōshi /  |c Ichikawa Shōichi jutsu. 
260 |6 880-03  |a Kiryū-shi :  |b Akatsuki Shobō,  |c Shōwa 21 [1946]. 
300 |a 8, 214 p. ;  |c 18 cm. 
500 |6 880-04  |a 1931-nen 7-gatsu "Nihon Kyōsantō jiken" no kōhan ni oite ... nobeta kiroku ni yotte hensan shita mono de aru. 
610 2 0 |6 880-05  |a Nihon Kyōsantō  |x History. 
650 0 |a Communism  |z Japan. 
880 1 |6 100-01  |a 市川正一,  |d 1892-1945. 
880 1 0 |6 245-02  |a 日本共産黨鬪爭小史 /  |c 市川正一述. 
880 |6 260-03  |a 桐生市 :  |b 曉書房,  |c 昭和 21 [1946]. 
880 |6 500-04  |a 1931年7月「日本共產黨事件」の公判延において ... 述べた記錄によって編纂したものである. 
880 2 0 |6 610-05  |a 日本共産黨  |x History. 
988 |a 20021217 
906 |0 OCLC